00247nam a22000977a 4500020002200000100002200022100001900044245003800063260003500101300001300136 a978-0-415-69979-2 aBuzdugan, Stephen aPayne, Anthony aLong battle for global governance aNew YorkbRoutledgec2016  ax, 204p.